[Event "Teresina-ch"]
[Site "Teresina"]
[Date "2024.03.10"]
[Round "5"]
[White "Lima, Lucas De Souza"]
[Black "Mangueira, Ricardo Cronemberge"]
[Result "0-1"]
[WhiteElo "1748"]
[BlackElo "1606"]
[PlyCount "124"]
[EventDate "2024.03.07"]
[EventType "swiss"]
[EventRounds "6"]
[EventCountry "BRA"]
[SourceTitle "CBM 219 Extra"]
[Source "ChessBase"]
[SourceDate "2024.05.31"]
[SourceVersion "1"]
[SourceVersionDate "2024.05.31"]
[SourceQuality "1"]

1. e4 c5 2. Nf3 Nc6 3. Bb5 g6 4. 0-0 Bg7 5. Re1 d6 6. c3 Bd7 7. d4 a6 8. Bf1 cxd4 9. cxd4 Bg4 10. d5 Ne5 11. Nbd2 Nf6 12. h3 Nxf3+ 13. Nxf3 Bd7 14. Bf4 Nh5 15. Bh2 Qb6 16. Rb1 0-0 17. Qd2 Rfd8 18. Bc4 Rac8 19. Bb3 a5 20. Bc2 Bb5 21. a4 Bd7 22. b4 Bc3 23. Qe3 Qxe3 24. Rxe3 Bxb4 25. Bb3 b5 26. axb5 Bxb5 27. Nd4 Bd7 28. e5 dxe5 29. Bxe5 Ng7 30. Bxg7 Kxg7 31. Nc2 Bf5 32. Nxb4 Bxb1 33. Nc6 Rd7 34. Rxe7 Rxe7 35. Nxe7 Rc3 36. Ba4 Bc2 37. Bb5 Kf8 38. d6 a4 39. Nd5 Rc8 40. Nb6 Rd8 41. Nxa4 Bxa4 42. Bxa4 Rxd6 43. Kh2 h5 44. f3 h4 45. Bc2 g5 46. Kg1 f6 47. Bf5 Rd5 48. Be4 Re5 49. Kf2 f5 50. Bd3 f4 51. Kg1 Ke7 52. Kh2 Re1 53. Bb5 Kd6 54. Bd3 Ke5 55. Ba6 Kd4 56. Bb5 Ke3 57. Bd7 Kf2 58. Bg4 Rg1 59. Bh5 Rxg2+ 60. Kh1 Rg3 61. Bg4 Rxf3 62. Bxf3 Kxf3 0-1